000 01210nam a2200361 i 4500
001 991061727878106706
003 ES-BaIT
005 20260227115638.0
008 260227e202505 fr g 000 d fre c
020 _a9782749816906
020 _a2749816904
035 _a(OCoLC)1525504581
035 _a(OCoLC)on1525504581
040 _aES-BaIT
_bcat
_erda
_cES-BaIT
080 _a840-2"20"
100 1 _aBizeau, Sébastien
_eautor
_9168744
245 1 0 _aPourquoi les gens qui sèment /
_cSébastien Bizeau
264 1 _aParis :
_bL'avant-scène théâtre,
_cmai 2025
300 _a75 pàgines ;
_c21 cm
336 _atext
_btxt
_2rdacontent
337 _asense mediació
_bn
_2rdamedia
338 _avolum
_bnc
_2rdacarrier
490 1 _aAvant-scène. Théâtre ;
_vno 1577
500 _aP23: D6, H17
500 _aPublicat com no 1577 (mai 2025) de la revista L'Avant-scène théâtre
500 _aEstrena Théâtre La Factory (Avignon) el 5 de juliol de 2025
650 0 _aHomes i dones
_vTextos dramàtics
_987739
650 0 _aConsciència (Moral)
_vTextos dramàtics
_9168745
830 _aAvant-scène.
_pThéâtre
_vno1577
_9168170
908 _aCDMAE
940 _aOCLC
942 _2udc
_c1
999 _c137166
_d137166